Guess the name of the purple character - Statistics

General Stats
  • This quiz has been taken 3 times
  • The average score is 4 of 16
Answer Stats
Picture Answer % Correct
Minion
67%
Nebula
67%
Sofia
67%
Willy wonka
67%
Daphne
33%
Daphne
33%
Dr.facilier
33%
Vidia
33%
Alexa
0%
Bratt
0%
Dove
0%
Iduna
0%
Keira
0%
Kingo
0%
Rarity
0%
Raven
0%
No matching quizzes found
Score Distribution
Percent of People with Each Score
Percentile by Number Answered
Your Score History
You have not taken this quiz